000 00625nam a22001817a 4500
999 _c194507
_d194507
005 20221227105846.0
010 _aENG-135945
020 _a9789354794797
_c675.00
035 _aEN-119477
037 _bDBAD/PUB
082 _a330.22
100 _aSmith, Eugene Salder
245 _aHuman Resource Development:
_bFrom Theory into Practice/
_cEugene Sadler-Smith
260 _aNew Delhi
_bSage Publication India Pvt Ltd
_c2022
270 _aB-1/I-I Mohan Cooperative Industrial Area Mathura Road
_bNew Delhi
_e110044
300 _axix, 359p.
_bReferences, Index
_c24cm(pbk)
942 _2ddc
_cEN
_mSMI
_h330.22